Trane air conditioning manual. (Record no. 551032)

000 -LEADER
fixed length control field 00419cam a22001691 4500
082 ## - DEWEY DECIMAL CLASSIFICATION NUMBER
Classification number 185L
110 2# - MAIN ENTRY--CORPORATE NAME
Corporate name or jurisdiction name as entry element Trane Company.
9 (RLIN) 41868
245 10 - TITLE STATEMENT
Title Trane air conditioning manual.
250 ## - EDITION STATEMENT
Edition statement [Rev.]
260 ## - PUBLICATION, DISTRIBUTION, ETC.
Place of publication, distribution, etc. La Crosse, Wis.
Date of publication, distribution, etc. [1955]
300 ## - PHYSICAL DESCRIPTION
Extent 380 p.
Other physical details illus.
Dimensions 29 cm.
526 ## - STUDY PROGRAM INFORMATION NOTE
Program name 0
Interest level 0
Reading level 0
Title point value 185L
650 #0 - SUBJECT ADDED ENTRY--TOPICAL TERM
Topical term or geographic name entry element Air conditioning
9 (RLIN) 19032
650 #0 - SUBJECT ADDED ENTRY--TOPICAL TERM
Topical term or geographic name entry element Hygrometry.
9 (RLIN) 45735
650 #0 - SUBJECT ADDED ENTRY--TOPICAL TERM
Topical term or geographic name entry element MCE
9 (RLIN) 379
942 ## - ADDED ENTRY ELEMENTS (KOHA)
Source of classification or shelving scheme
Koha item type Book
Holdings
Withdrawn status Lost status Source of classification or shelving scheme Damaged status Not for loan Permanent Location Current Location Date acquired Total Checkouts Full call number Barcode Date last seen Price effective from Koha item type
          Military College of Engineering (MCE) Military College of Engineering (MCE) 12/02/2014   185L MCE-185L 12/02/2014 12/02/2014 Book
© 2023 Central Library, National University of Sciences and Technology. All Rights Reserved.